| 000 | 00652nam a22001937a 4500 | ||
|---|---|---|---|
| 005 | 20240718144615.0 | ||
| 010 | _aENG-140886 | ||
| 020 |
_a9789350352915 _c250.00 |
||
| 035 | _aEN-124418 | ||
| 037 | _bDBAD | ||
| 082 |
_a320.54 _213 |
||
| 100 |
_aBakshi, P.M _968549 |
||
| 245 |
_aThe Constitution of India/ _cBy P.M Bakshi |
||
| 250 | _a13 | ||
| 260 |
_aDelhi _bUniversal Law Publishing _c2014 |
||
| 270 |
_aA-58, G T Karnal Road, Industrial AreaNear Azadpur Metro Station _bNew Delhi _e110033 _k011-47082254 _k011-27458529 _l011-27458529 _munilaw@vsnl.com |
||
| 300 |
_axxiii,440p. _c18cm(Pb) |
||
| 942 |
_2ddc _cEN _h320.54 _mBAK _e13 |
||
| 999 |
_c204186 _d204186 |
||